000 00276nam a22001337a 4500
008 181022b xxu||||| |||| 00| 0 eng d
020 _a9780139741227
041 _aeng
080 _26th
_a574
100 _a9
101 _aMJE
245 _aEarth
_cTarbuck
942 _2udc
_cBK
999 _c50516
_d50516